Responses for show #4659 - Thursday, December 2, 2004

Contestants

[<< previous game]

Josh Kolchins, a homeland security consultant from Bethesda, Maryland

Sherri Benoun, a planning clerk from Anaheim, California

Katie Fitzgerald, a wealth management project analyst originally from New Rochelle, New York (whose 1-day cash winnings total $13,400)

[next game >>]

Jeopardy! Round responses

BEN FRANKLIN
(Alex: Now the [*] category relates to a History Channel special series which is starting right about now.)
NFL TEAM PLAYERS
(Alex: You have to name team that would be most appropriate for the players we will give you.)
SHAPE UP
3rd GRADERS KNOW THIS STUFF
STUCK IN THE MIDDLE
WITH "U"
    $200 3
Paris

Sherri
    $200 16
the Cowboys

Josh
    $200 21
hourglass

Katie
    $200 1
zero

Katie
    $200 7
Carrot Top

Josh
    $200 26
an uprising

Josh
    $400 8
Poor Richard's Almanack

Josh
    $400 17
the Browns

Sherri
    $400 22
a triangle

Katie
    $400 2
won't

Josh
    $400 12
(Josh: What is white?)

red

SherriJosh
    $400 27
unison

Sherri
    $600 9
(Sherri: What is a printer?)

Postmaster

SherriJosh
    $600 18
the Titans

Josh
    $600 23
(Sherri: What is a rectangle?)

a diamond

Sherri
Triple Stumper
    $600 4
the subject

Katie
    $600 13
Rupert

Katie
    $1,000 28
(Sherri: What is the United States?)

United Kingdom

Sherri
    $800 10
the solar system

Katie
    $800 19
the Giants

Sherri
    $800 24
the winner's circle

Josh
    $800 5
(Josh: ...What is the nose?)

the pupil

KatieJosh
    $800 14
the ear

Katie
    $800 29
unctuous

Sherri
    $1000 11
(Sherri: What is a hamonium?)

harmonica

Sherri
Triple Stumper
    $1000 20
a Cardinal

Katie
    $1000 25
a honeycomb

Katie
    $1000 6
constitutional amendments

Sherri
    $1000 15
chemical bonds

Katie
    $1000 30
(Katie: What is Uganda?)

the Ukraine

KatieJosh

Scores at the first commercial break (after clue 13):

Katie Sherri Josh
$3,000 $0 $400

Scores at the end of the Jeopardy! Round:

Katie Sherri Josh
$6,400 $800 $3,200

Double Jeopardy! Round responses

HISTORICAL QUOTES
ECONOMICS
EXTREME TAKEOVER
COLLEGES & UNIVERSITIES
PLAYS BY CHARACTER
(Alex: We'll give you the characters.)
10-LETTER WORDS
    $400 21
Richard Nixon

Josh
    $400 26
monopolies

Josh
    $400 16
the Aztec

Sherri
    $400 11
UCLA

Katie
    $400 1
The Miracle Worker

Katie
    $400 6
fettuccini

Katie
    $800 25
business

Josh
    $800 27
consumption

Triple Stumper
    $800 17
the Khmer Rouge

Sherri
    $800 12
Yale

Katie
    $800 2
Amadeus

Katie
    $800 7
penicillin

Katie
    $1200 24
(William Tecumseh) Sherman

Josh
    $1200 28
balance sheet

Katie
    $1200 18
Genghis Khan

Sherri
    $1200 13
(Josh: What is Carnegie Mellon?)

M.I.T.

SherriJosh
    $1200 3
The Taming of the Shrew

Josh
    $1200 8
spellbound

Katie
    $2,000 23
(Alex: You're tied with Sherri for second place. You trail Katie, our leader, by over $10,000.)

the color

Josh
    $1600 29
commodities

Sherri
    $1600 19
(Josh: Who are the Greeks?)
(Sherri: Who are the Visigoths?)

the Babylonians

SherriJosh
Triple Stumper
    $1600 14
Virginia Military Institute

Katie
    $1600 4
A Funny Thing Happened on the Way to the Forum

Sherri
    $1600 9
palindrome

Sherri
    $2000 22
Stephen Decatur

Josh
    $2000 30
curves

Triple Stumper
    $4,000 20
(Alex: You can take the lead away from Katie. You have enough money to do that... All right. That'll put you close.)
...
(Sherri: What is Damascus?)
(Alex: What is [*]? Christian city.)

Constantinople

Sherri
    $2000 15
Oral Roberts

Sherri
    $2000 5
Waiting for Godot

Triple Stumper
    $2000 10
moratorium

Katie

Scores at the end of the Double Jeopardy! Round:

Katie Sherri Josh
$16,000 $5,600 $8,400

[wagering suggestions for these scores]

Final Jeopardy! Round responses

VOCABULARY
(Alex: You have only 72 wins to go to match Ken Jennings!)
SherriWhat is extraordinary?
$5,599
JoshWhat is experts?
$8,000
KatieWhat is erudite?
$801
erudite

Final scores:

Katie Sherri Josh
$16,801 $1 $400
2-day champion: $30,201 3rd place: $1,000 2nd place: $2,000

Game dynamics:

Coryat scores:

Katie Sherri Josh
$16,000 $10,600 $8,000
21 R,
1 W
15 R,
6 W
(including 2 DDs)
16 R
(including 1 DD),
4 W

Combined Coryat: $34,600

The J! Archive is created by fans, for fans. The Jeopardy! game show and all elements thereof, including but not limited to copyright and trademark thereto, are the property of Jeopardy Productions, Inc. and are protected under law. This website is not affiliated with, sponsored by, or operated by Jeopardy Productions, Inc. Join the discussion at JBoard.tv.